Score 0/99 Timer 10:00
0 Plays Today
words % Correct
no
78.7%
stair.
78.7%
no
78.7%
no
78.7%
no
78.7%
stair.
78.7%
So,
77.3%
me
74.7%
crystal
74.7%
me
74.7%
crystal
74.7%
ain't
73.3%
ain't
73.3%
ain't
73.3%
you:
72%
Life
72%
for
72%
you
72%
you
72%
you
72%
you
72%
For
72%
life
72%
for
72%
son,
70.7%
been
69.3%
it,
69.3%
And
69.3%
And
69.3%
And
69.3%
been
69.3%
And
69.3%
And
69.3%
words % Correct
And
69.3%
been
69.3%
And
69.3%
been
69.3%
Well,
68%
tell
68%
tacks
64%
the
64%
the
64%
the
64%
the
64%
in
61.3%
in
61.3%
I'll
60%
up,
60%
on
60%
I'se
60%
on,
60%
on
60%
I'se
60%
I'se
60%
a-climbin'
58.7%
had
57.3%
splinters,
57.3%
climbin',
57.3%
dark
54.7%
down
54.7%
Bare.
53.3%
carpet
52%
But
52%
there
52%
light.
52%
don't
52%
words % Correct
Don't
52%
Don't
52%
It's
50.7%
boards
50.7%
goin'
50.7%
it's
50.7%
goin',
50.7%
floor-
49.3%
Where
49.3%
with
48%
torn
46.7%
places
46.7%
all
46.7%
boy,
46.7%
'Cause
46.7%
still
46.7%
still
46.7%
set
45.3%
now-
45.3%
time
44%
reachin'
44%
corners,
42.7%
hard.
42.7%
landin's,
41.3%
turn
41.3%
kinder
41.3%
honey,
41.3%
steps
40%
turnin'
36%
sometimes
36%
back.
36%
fall
36%
finds
34.7%
Remove Ads.
Support Sporcle.
Get the best of Sporcle when you Go Orange. This ad-free experience offers more features, more stats, and more fun while also helping to support Sporcle. Thank you for becoming a member.

You're not logged in!

Compare scores with friends on all Sporcle quizzes.
OR
Log In

Show Comments

Extras

Created Sep 15, 2013SourceReportNominate
Tags:Poem Quiz, life, Mother, son, stair

Top Quizzes Today


Score Distribution

Your Account Isn't Verified!

In order to create a playlist on Sporcle, you need to verify the email address you used during registration. Go to your Sporcle Settings to finish the process.

Report this User

Report this user for behavior that violates our Community Guidelines.

Details: